[Event "1st Rapid Open"]
[Site "Livry Gargan BEL"]
[Date "2005.05.15"]
[Round "8"]
[White "Kazhgaleyev,M"]
[Black "Chabanon,JL"]
[Result "1-0"]
[WhiteElo "2600"]
[BlackElo "2424"]

1.d4 Nf6 2.c4 e6 3.Nf3 Bb4+ 4.Nc3 b6 5.Bg5 Bb7 6.e3 h6 7.Bh4 Bxc3+ 8.bxc3 d6
9.Nd2 Nbd7 10.f3 c5 11.Bd3 Qc7 12.O-O O-O 13.Re1 Rfe8 14.Nf1 Rac8 15.e4 cxd4
16.cxd4 e5 17.Ne3 exd4 18.Nf5 Qc5 19.Bf2 Ne5 20.Bxd4 Qa3 21.Bf1 Re6 22.Qb3 Qa5
23.Bf2 Ned7 24.Red1 Nc5 25.Qb2 Ne8 26.Be1 Qa4 27.Bg3 Rd8 28.Rd2 Qa5 29.Rad1 Na4
30.Qb5 Qxb5 31.cxb5 Nc3 32.Rc1 Rc8 33.Rdc2 Nxe4 34.Rxc8 Nxg3 35.Rxe8+ Rxe8
36.hxg3 Bd5 37.a3 Re5 38.Nxd6 Be6 39.Kf2 Rd5 40.Ne4 Rd4 41.Ke3 Ra4 42.Rc3 g5
43.Nd2 h5 44.Bc4 Bxc4 45.Nxc4 Kg7 46.Kd3 f5 47.Kc2 a6 48.Nxb6 Ra5 49.bxa6 Rxa6
50.Nd5 h4 51.gxh4 gxh4 52.Kd3 Kh6 53.Ke3 Kg5 54.Kf2 f4 55.Rb3 Rc6 56.Nc3 h3
57.gxh3 Kh4 58.Ne2 Rc2 59.a4 Rc4 60.Ra3 Kxh3 61.a5  1-0

[Event "ch-UKR sf"]
[Site "Alushta UKR"]
[Date "2005.05.16"]
[Round "1"]
[White "Hermanov,A"]
[Black "Dobronovsky,R"]
[Result "1-0"]
[WhiteElo "2323"]
[BlackElo "2096"]

1.d4 Nf6 2.c4 e6 3.Nc3 Bb4 4.Nf3 d5 5.cxd5 exd5 6.Bg5 h6 7.Bxf6 Qxf6 8.Qb3 Bxc3+
9.Qxc3 Nc6 10.e3 O-O 11.Be2 Be6 12.O-O Rfc8 13.b4 a6 14.a4 a5 15.b5 Ne7 16.Ne5 Bf5
17.Rfc1 Qe6 18.Bh5 Bg6 19.Bxg6 Nxg6 20.Nxg6 Qxg6 21.Qb3 Qd6 22.Rc5 Rd8 23.Rac1 Rd7
24.Qc3 Rc8 25.Qxa5 b6 26.Qa6 Rdd8 27.R5c3 Ra8 28.Qb7 Rxa4 29.Rxc7 Rda8 30.Rxf7 Qg6
31.Rfc7  1-0

[Event "HB Global CC"]
[Site "Minneapolis USA"]
[Date "2005.05.21"]
[Round "6"]
[White "Onischuk,Al"]
[Black "Perelshteyn,E"]
[Result "1/2-1/2"]
[WhiteElo "2638"]
[BlackElo "2507"]

1.d4 Nf6 2.c4 e6 3.Nc3 Bb4 4.Nf3 c5 5.g3 O-O 6.Bg2 cxd4 7.Nxd4 d5 8.cxd5 Nxd5
9.Qb3 Qa5 10.Bd2 Nc6 11.Nxc6 bxc6 12.O-O Bxc3 13.bxc3 Ba6 14.Rfd1 Qc5 15.e4 Nb6
16.Be3 Qh5 17.Rd6 Nc4 18.Qd1 Qxd1+ 19.Raxd1 Nxe3 20.fxe3 e5 21.Rd7 Bc8 22.Rc7 Be6
23.a4 Rfe8 24.Rb7 a5 25.Rdb1 g5 26.Bf1 Kg7 27.Be2 Kg6 28.h4 h6 29.Kf2 Ba2
30.R1b6 Be6 31.c4 g4 32.c5 h5 33.Ke1 Kf6 34.Kd2 Red8+ 35.Kc3 Rd7 36.Rxd7 Bxd7
37.Bb5 Ke7 38.Bxc6 Rc8 39.Bxd7 Rxc5+ 40.Kd3 Kxd7 41.Rh6 Rc1 42.Rxh5 Ke6 43.Rf5 Ra1
44.Rg5 Rxa4 45.h5 Rb4 46.Rg8 Rb2 47.Ra8  1/2-1/2

[Event "TCh-ROM A"]
[Site "Tusnad ROM"]
[Date "2005.05.21"]
[Round "1"]
[White "Veneteanu,I"]
[Black "Rogozenko,D"]
[Result "0-1"]
[WhiteElo "2271"]
[BlackElo "2512"]

1.d4 Nf6 2.c4 e6 3.Nc3 Bb4 4.Nf3 O-O 5.Bg5 c5 6.e3 cxd4 7.exd4 h6 8.Bxf6 Bxc3+
9.bxc3 Qxf6 10.a4 Nc6 11.a5 e5 12.Be2 d6 13.O-O Bg4 14.d5 Bxf3 15.Bxf3 Nd8
16.Qd2 Qg5 17.Qxg5 hxg5 18.Be2 Rc8 19.g3 Re8 20.Kg2 f5 21.f3 Nf7 22.Rab1 Re7
23.Rb5 g6 24.Rfb1 Nd8 25.Bd3 Kg7 26.Rh1 Rec7 27.h4 gxh4 28.gxh4 Rc5 29.Rhb1 Rxb5
30.Rxb5 Kf6 31.Kg3 Rc7 32.Be2 Nf7 33.f4 exf4+ 34.Kxf4 Ne5 35.c5 Rxc5 36.Rxb7 Rxa5
37.Rb5 Ra2 38.Bd1 Rd2 39.Ba4 Rd3  0-1

[Event "HB Global CC"]
[Site "Minneapolis USA"]
[Date "2005.05.22"]
[Round "8"]
[White "Moiseenko,A"]
[Black "Antonio,R"]
[Result "1/2-1/2"]
[WhiteElo "2665"]
[BlackElo "2513"]

1.d4 Nf6 2.c4 e6 3.Nc3 Bb4 4.Nf3 c5 5.g3 Ne4 6.Bd2 Nxd2 7.Qxd2 cxd4 8.Nxd4 a6
9.Bg2 Qc7 10.a3 Be7 11.Rc1 d6 12.O-O Nd7 13.b4 Rb8 14.Rfd1 O-O 15.Qa2 Nf6
16.c5 dxc5 17.bxc5 Qxc5 18.Nd5 Qxa3 19.Nxf6+ gxf6 20.Qb1 Bd7 21.Rc7 Bc6 22.Rd3 Qd6
23.Nxe6 Qxe6 24.Re3 Qd6 25.Rcxe7 Rbe8 26.Rxe8 Rxe8 27.Rxe8+ Bxe8 28.Qxb7 Qd1+
29.Bf1 Bb5 30.Qc8+ Kg7 31.Qg4+ Kf8 32.Qb4+ Kg7 33.Qg4+ Kf8 34.Qb4+ Kg7 35.Qg4+  1/2-1/2

[Event "VII Open"]
[Site "Salou ESP"]
[Date "2005.05.22"]
[Round "3"]
[White "Gonzalez Garcia,J"]
[Black "Fedorchuk,S"]
[Result "0-1"]
[WhiteElo "2469"]
[BlackElo "2577"]

1.d4 Nf6 2.c4 e6 3.Nc3 Bb4 4.Nf3 b6 5.Bg5 Bb7 6.Nd2 h6 7.Bh4 O-O 8.e4 g5
9.Bg3 Nxe4 10.Ndxe4 Bxe4 11.h4 Bg6 12.hxg5 hxg5 13.Qf3 Nc6 14.O-O-O f5 15.a3 f4
16.Rh6 Kg7 17.Rxg6+ Kxg6 18.Bd3+ Kg7 19.Qh5 Rh8 20.Qg6+ Kf8 21.axb4 Qe7 22.b5 Nb4
23.Bb1 fxg3 24.fxg3 Qg7 25.Rf1+ Kg8 26.Qe4 Rf8 27.Re1 Rh6 28.Qe3 Rhf6 29.Ne4 Rf1
30.Kd2 c5 31.bxc6 Nxc6 32.Rxf1 Rxf1 33.Bd3 Rf8 34.Kc3 g4 35.Ng5 Qe7 36.Ne4 Rf5
37.Nf2 Qg5 38.Qxg5+ Rxg5 39.Be2 Ne7 40.Bxg4 Kf8 41.Bf3 Rxg3 42.Ne4 Rg7 43.Nd6 Nf5
44.Nc8 d5 45.g4 Nh4 46.Be2 Rc7 47.Nd6 Rc6 48.Nb7 dxc4 49.Kb4 Ke7 50.Bxc4 Rc7  0-1

[Event "24th OCF NthAmOp"]
[Site "Stillwater USA"]
[Date "2005.05.29"]
[Round "7"]
[White "Onischuk,Al"]
[Black "Zatonskih,A"]
[Result "1-0"]
[WhiteElo "2638"]
[BlackElo "2435"]

1.d4 e6 2.c4 Nf6 3.Nc3 Bb4 4.Nf3 c5 5.g3 O-O 6.Bg2 cxd4 7.Nxd4 d5 8.cxd5 Nxd5
9.Qb3 Qa5 10.Bd2 Nc6 11.Nxc6 bxc6 12.O-O Bxc3 13.bxc3 Ba6 14.Rfd1 Qc5 15.e4 Nb6
16.Be3 Qh5 17.Bxb6 Rfb8 18.Rd6 Rxb6 19.Qd1 Qxd1+ 20.Raxd1 g5 21.a4 Rab8 22.h4 gxh4
23.gxh4 e5 24.a5 Rb1 25.Rxb1 Rxb1+ 26.Kh2 Bb5 27.h5 h6 28.Rxh6 Rc1 29.Rf6 Rxc3
30.h6 a6 31.h7+ Kxh7 32.Rxf7+ Kg8 33.Rf5 Rc5 34.f4 Bc4 35.Rxe5 Rxe5 36.fxe5 c5
37.Kg3 Kf7 38.Kf4 Bb5 39.Bf3 Ke6 40.Bg4+ Ke7 41.Ke3 Bc4 42.Bc8 Bb5 43.Bb7 Ke6
44.Kf4 Ke7 45.Bd5 Kd7 46.Ke3 Ke7 47.Kd2 Kd7 48.Kc3 Kc7 49.Bc4 Bc6 50.Kd3 Bb7
51.Bd5 Bc8 52.Kc4 Bd7 53.Kxc5 Bc8 54.e6  1-0

[Event "14th CRO-Cup"]
[Site "Sibenik CRO"]
[Date "2005.06.01"]
[Round "4"]
[White "Medic,Mir"]
[Black "Ramesa,D"]
[Result "1-0"]
[WhiteElo "2247"]
[BlackElo "2163"]

1.d4 Nf6 2.c4 e6 3.Nc3 Bb4 4.Nf3 b6 5.e3 Bb7 6.Bd3 O-O 7.O-O c5 8.a3 Bxc3
9.bxc3 d6 10.Qc2 Nc6 11.e4 e5 12.d5 Ne7 13.Nh4 Bc8 14.Bg5 Ng6 15.Nf5 h6 16.Bd2 Nf4
17.Rfe1 Nxd3 18.Qxd3 Bxf5 19.exf5 Qd7 20.a4 Rab8 21.Qh3 h5 22.f3 g6 23.g4 Nh7
24.Kf2 hxg4 25.Qxg4 Nf6 26.Qg5 Nh7 27.Qg4 Nf6 28.Qh3 Qxf5 29.Qxf5 gxf5 30.Bg5 Kg7
31.Rg1 Rh8 32.h4 Ne8 33.Be7+ Kh7 34.Rg5 Ng7 35.Rag1 Rhg8 36.Bf6  1-0

[Event "XXIX Vicente Bonil"]
[Site "Albox ESP"]
[Date "2005.06.05"]
[Round "9"]
[White "Moiseenko,A"]
[Black "Epishin,V"]
[Result "1-0"]
[WhiteElo "2665"]
[BlackElo "2605"]

1.d4 Nf6 2.c4 e6 3.Nc3 Bb4 4.Nf3 c5 5.g3 Bxc3+ 6.bxc3 Qa5 7.Bg2 cxd4 8.Qxd4 Nc6
9.Qd3 d5 10.cxd5 exd5 11.O-O O-O 12.c4 Qa6 13.Bb2 Qxc4 14.Qxc4 dxc4 15.Rfc1 Re8
16.e3 Be6 17.Nd2 Nb4 18.Bxf6 gxf6 19.Nxc4 Rac8 20.Nd6 Rxc1+ 21.Rxc1 Nxa2
22.Ra1 Re7 23.Nxb7 Rc7 24.Nd8 Rc2 25.Be4 Rb2 26.Nxe6 fxe6 27.Rd1 f5 28.Bf3 Nb4
29.Rd8+ Kf7 30.Rd7+ Kf6 31.Bh5 Kg5 32.Rxh7 e5 33.f4+ Kf6 34.Rxa7 Nd3 35.Ra6+ Ke7
36.Bg6 Ne1 37.Bxf5 Nf3+ 38.Kf1  1-0

[Event "TCh-ARG Magistral AFA"]
[Site "Buenos Aires ARG"]
[Date "2005.06.07"]
[Round "5"]
[White "Villanueva,Mar"]
[Black "Julia,E"]
[Result "0-1"]
[WhiteElo "2168"]
[BlackElo "2370"]

1.d4 Nf6 2.c4 e6 3.Nc3 Bb4 4.Nf3 b6 5.g3 Bxc3+ 6.bxc3 Nc6 7.Bg2 Rb8 8.Ne5 Na5
9.c5 O-O 10.Qa4 d6 11.Nc4 Bd7 12.c6 Nxc4 13.Qxc4 d5 14.Qa4 b5 15.Qxa7 Bxc6
16.Bf4 Rb7 17.Qc5 Rb6 18.O-O Ra6 19.Qb4 Nd7 20.Rfe1 Ra4 21.Qb1 Nb6 22.e4 dxe4
23.Bxe4 Bxe4 24.Rxe4 Qd7 25.Be5 f6 26.Bf4 Nd5 27.Bd2 Rfa8 28.Qe1 Rxa2 29.Rxa2 Rxa2
30.Rxe6 Rxd2 31.Ra6 Rb2 32.Qe4 g6  0-1

[Event "Open"]
[Site "Mielo POL"]
[Date "2005.06.12"]
[Round "3"]
[White "Shishkin,Va UKR"]
[Black "Korosciel,A"]
[Result "1-0"]
[WhiteElo "2519"]
[BlackElo "2074"]

1.d4 Nf6 2.c4 e6 3.Nc3 Bb4 4.Nf3 O-O 5.Bg5 d5 6.cxd5 exd5 7.e3 c6 8.Bd3 Nbd7
9.Qc2 h6 10.Bh4 Re8 11.O-O Be7 12.Bg3 Nh5 13.Nxd5 Nxg3 14.Nxe7+ Qxe7 15.hxg3 Nf6
16.a3 Be6 17.Qc5 Qc7 18.e4 Nd7 19.Qc3 Rac8 20.Rfe1 Qb6 21.Rad1 Red8 22.Bb1 Nf6
23.Rd2 a5 24.Rc1 Ne8 25.Ne5 Nd6 26.Qc5 Qc7 27.d5 Nxe4 28.Bxe4 Qxe5 29.dxe6 Qxe4
30.Rxd8+ Rxd8 31.Qe7  1-0

[Event "Berman Hillman"]
[Site "Santa Cruz BOL"]
[Date "2005.06.12"]
[Round "9"]
[White "Pacheco,D"]
[Black "Ferrufino,B"]
[Result "1-0"]
[WhiteElo "2343"]
[BlackElo "2228"]

1.d4 Nf6 2.c4 e6 3.Nc3 Bb4 4.Nf3 c5 5.e3 d5 6.Bd3 Nc6 7.O-O O-O 8.a3 Bxc3
9.bxc3 dxc4 10.Bxc4 Qc7 11.Bb2 e5 12.Rc1 Bg4 13.Qe1 e4 14.Nd2 Na5 15.Ba2 c4
16.Kh1 Rae8 17.a4 Re6 18.Ba3 Rc8 19.f3 Bf5 20.fxe4 Ng4 21.e5 Bd3 22.Rf4 h5
23.h3 Nh6 24.Qf2 Qd7 25.Nf3 Qxa4 26.Bd6 Rxd6 27.exd6 Qa3 28.Rd1 Qxd6 29.Ne5 Bg6
30.Rf1 Rc7 31.g4 hxg4 32.hxg4 Qe7 33.Qg2 Qh4+ 34.Kg1 Qg5 35.Nf3 Qe7 36.Ne5 Qg5
37.e4 f6 38.Nxg6 Qxg6 39.e5 fxe5 40.Rf8+ Kh7 41.Bb1  1-0

[Event "III Open"]
[Site "Bajada de la Virgen ESP"]
[Date "2005.06.15"]
[Round "4"]
[White "Agrest,E"]
[Black "Vehi Bach,V"]
[Result "1-0"]
[WhiteElo "2579"]
[BlackElo "2425"]

1.d4 Nf6 2.c4 e6 3.Nc3 Bb4 4.Nf3 c5 5.g3 Ne4 6.Qd3 cxd4 7.Nxd4 Bxc3+ 8.bxc3 Nc5
9.Qd2 b6 10.Nb5 O-O 11.Nd6 Bb7 12.Nxb7 Nxb7 13.Bg2 Qc7 14.Ba3 Rd8 15.Qf4 Qxf4
16.gxf4 Nc6 17.O-O-O Nba5 18.Bd6 Rac8  1-0

[Event "PanAmY U16B"]
[Site "Balneario Camboriu BRA"]
[Date "2005.06.17"]
[Round "9"]
[White "Pacheco,G"]
[Black "Gomez,Gu"]
[Result "1/2-1/2"]
[WhiteElo "2168"]
[BlackElo "1981"]

1.d4 Nf6 2.c4 e6 3.Nc3 Bb4 4.Nf3 c5 5.g3 O-O 6.Bg2 h6 7.O-O Bxc3 8.bxc3 Qe7
9.Rb1 Na6 10.Nd2 d6 11.Ba3 Rb8 12.Qc2 b6 13.f4 Bb7 14.e4 Rbd8 15.Rbe1 Rfe8
16.Kh1 Nb8 17.d5 exd5 18.cxd5 Nxd5 19.exd5 Qxe1 20.Rxe1 Rxe1+ 21.Nf1 Rde8
22.c4 R8e2 23.Qc3  1/2-1/2

[Event "6th EICC"]
[Site "Warsaw POL"]
[Date "2005.06.22"]
[Round "5"]
[White "Wells,P"]
[Black "Perunovic,Mil"]
[Result "1-0"]
[WhiteElo "2525"]
[BlackElo "2549"]

1.d4 Nf6 2.c4 e6 3.Nc3 Bb4 4.Nf3 c5 5.g3 Nc6 6.Bg2 Ne4 7.Bd2 Nxd2 8.Qxd2 cxd4
9.Nxd4 Ne5 10.Nc2 Be7 11.b3 f5 12.O-O O-O 13.f4 Nc6 14.Rad1 Qa5 15.e3 Bf6
16.Nd4 Nxd4 17.exd4 Rb8 18.Nd5 Qxd2 19.Nxf6+ gxf6 20.Rxd2 d6 21.Rc1 Rd8 22.c5 Kf8
23.cxd6 Rxd6 24.Rc7 Bd7 25.Bxb7 Ke8 26.Bf3 a5 27.Ra7 a4 28.bxa4 Rb4 29.d5 e5
30.Bd1 exf4 31.gxf4 Rxf4 32.a5 Re4 33.a6 Bb5 34.Bf3 Re3 35.Kf2 Ra3 36.Rxh7 Rdxa6
37.d6 Rxa2 38.d7+ Bxd7 39.Rxd7 Rxd2+ 40.Rxd2 Kf7 41.h4 Kg6 42.Rd7 Rb6 43.Kg3 Ra6
44.h5+ Kh6 45.Kf4 Ra4+ 46.Kxf5 Ra5+ 47.Kf4 Ra4+ 48.Be4 f5 49.Kxf5 Ra1 50.Kf4 Rf1+
51.Bf3  1-0

[Event "6th EICC"]
[Site "Warsaw POL"]
[Date "2005.06.23"]
[Round "6"]
[White "Stocek,J"]
[Black "Cvitan,O"]
[Result "1/2-1/2"]
[WhiteElo "2585"]
[BlackElo "2481"]

1.d4 Nf6 2.c4 e6 3.Nc3 Bb4 4.Nf3 c5 5.g3 cxd4 6.Nxd4 O-O 7.Bg2 d5 8.O-O dxc4
9.Bg5 h6 10.Bxf6 Qxf6 11.Qa4 Na6 12.Rfd1 Qe7 13.Ndb5 Rb8 14.Nxa7 Bxc3 15.bxc3 Nc5
16.Nxc8 Rfxc8 17.Qxc4 b5 18.Qb4 Qa7 19.Rd6 Na4 20.Bc6 Qc5 21.Qxc5 Nxc5 22.Rad1 Kf8
23.Kg2 Ke7 24.Bf3 Rc7 25.Rc6 Rxc6  1/2-1/2

[Event "19th Open Pula"]
[Site "Pula CRO"]
[Date "2005.06.24"]
[Round "7"]
[White "Atalik,S"]
[Black "Savic,Miod1"]
[Result "1-0"]
[WhiteElo "2561"]
[BlackElo "2521"]

1.d4 Nf6 2.c4 e6 3.Nc3 Bb4 4.Nf3 b6 5.Bg5 Bb7 6.e3 Bxc3+ 7.bxc3 d6 8.Nd2 Nbd7
9.f3 h6 10.Bh4 e5 11.e4 Qe7 12.Qa4 O-O 13.Bd3 exd4 14.cxd4 c5 15.O-O cxd4
16.Qd1 Ne5 17.Nb3 Nc6 18.Re1 Qe5 19.Bg3 Qe6 20.Bf1 Nh5 21.Bf2 Rac8 22.Nxd4 Nxd4
23.Qxd4 Ba6 24.e5 Rfd8 25.Qh4 Qg6 26.Rad1 Qg5 27.exd6 Nf6 28.Re7 Rd7 29.Qxg5 hxg5
30.h4 Kf8 31.hxg5 Rxd6 32.Rxd6 Kxe7 33.c5 Bxf1 34.gxf6+ gxf6 35.Kxf1 bxc5
36.Rd5 c4 37.Rc5 Rb8 38.Rxc4 Rb1+ 39.Be1  1-0

[Event "6th EICC"]
[Site "Warsaw POL"]
[Date "2005.06.25"]
[Round "7"]
[White "Graf,A"]
[Black "Godena,M"]
[Result "1/2-1/2"]
[WhiteElo "2632"]
[BlackElo "2527"]

1.d4 Nf6 2.c4 e6 3.Nc3 Bb4 4.Nf3 d5 5.cxd5 exd5 6.Bg5 Nbd7 7.e3 c5 8.Bd3 Qa5
9.Qc2 O-O 10.O-O c4 11.Bf5 Re8 12.Nd2 g6 13.Bxd7 Nxd7 14.Rae1 Nb6 15.f3 Bd7
16.Bh4 Bxc3 17.bxc3 Na4 18.Nb1 f5 19.Qf2 Qb6 20.Re2 Qc6 21.Bg3 Re6 22.Be5 Nc5
23.Qg3  1/2-1/2

[Event "6th EICC"]
[Site "Warsaw POL"]
[Date "2005.06.26"]
[Round "8"]
[White "Milov,V"]
[Black "Aronian,L"]
[Result "1/2-1/2"]
[WhiteElo "2653"]
[BlackElo "2693"]

1.d4 Nf6 2.c4 e6 3.Nc3 Bb4 4.Nf3 c5 5.g3 cxd4 6.Nxd4 Ne4 7.Qd3 Bxc3+ 8.bxc3 Nc5
9.Qf3 d6 10.Bg2 Nbd7 11.O-O Ne5 12.Qf4 Bd7 13.Nb5 Bxb5 14.cxb5 O-O 15.Rd1 Rc8
16.Qb4 d5 17.Bf4 Qf6 18.Be3 b6 19.Bd4 Qf5 20.f3 h5 21.Qb1 Qxb1 22.Raxb1 Nc4
23.Rb4 Na3 24.Rc1 Nb7 25.e4 dxe4 26.fxe4 Nd6 27.Bf1 Rfd8 28.Bf2 Ndc4 29.Ra4 Rd2
30.e5 Rc7 31.Re1 Rb2 32.Bd3 Rxb5 33.Re4 Nb2 34.Bxb5 Nxb5 35.Rab4 Nxc3 36.Rh4 Nd3
37.Rbc4 Rxc4 38.Rxc4 Nxa2 39.Bd4 Nab4 40.Rc3 Ne1 41.Kf1 Nec2 42.Bf2 Kh7 43.Ke2 Kg6
44.Kd2 a5 45.Bxb6 a4 46.Bc5 a3 47.Rxc2 Nxc2 48.Kxc2 a2 49.Kb2 Kf5 50.Bf8 g6
51.Kxa2 Kg4 52.h4 Kxg3 53.Be7 Kf4 54.Bf6 g5 55.Bxg5+ Kxe5 56.Kb3 f5 57.Kc3 Ke4
58.Kd2 Kf3 59.Bf6 f4 60.Be5 Ke4 61.Bc7 e5 62.Ke2 Kf5 63.Bd6 e4 64.Kf2 Kg4
65.Bc7 f3 66.Bd6 Kxh4 67.Bc7 Kg4 68.Bd6 Kf5 69.Bg3 Ke6 70.Ke3 Kd5 71.Bh4 Ke5
72.Bg3+ Kf5 73.Kf2 Kg4 74.Bd6 h4 75.Bc7 h3 76.Bb8 Kf5 77.Ke3 Ke6 78.Bc7 Kd5
79.Bb8 Kc4 80.Bc7 Kc3 81.Bd6 Kc2 82.Be5 Kd1 83.Bg3  1/2-1/2

[Event "2nd CHN-FRA Match"]
[Site "Shenzheng CHN"]
[Date "2005.06.28"]
[Round "1"]
[White "Fontaine,R"]
[Black "Zhao Jun"]
[Result "0-1"]
[WhiteElo "2539"]
[BlackElo "2521"]

1.d4 Nf6 2.c4 e6 3.Nc3 Bb4 4.Nf3 b6 5.Bg5 Bb7 6.e3 h6 7.Bh4 g5 8.Bg3 Ne4
9.Qc2 Bxc3+ 10.bxc3 d6 11.Bd3 f5 12.d5 Nd7 13.Bxe4 fxe4 14.Qxe4 Qf6 15.O-O Nc5
16.Qd4 Rf8 17.Nd2 Qg6 18.Nb3 e5 19.Qd1 Ne4 20.f3 Nxg3 21.hxg3 O-O-O 22.Qb1 Qg7
23.g4 Kb8 24.a4 a5 25.Ra2 Ka7 26.Nd2 Bc8 27.Ne4 h5 28.gxh5 g4 29.fxg4 Qxg4
30.Nf6 Qxc4 31.Raf2 Ba6 32.Qh7 Kb7 33.Ne4 Rxf2 34.Rxf2 Qxd5 35.Rf7 Qc6 36.Ng5 Bc4
37.Re7 Rg8 38.Rg7 Rc8 39.h6 Qxa4 40.Qe4+ Qc6 41.Qf5 a4 42.h7 Rh8 43.Nf7 Bxf7
44.Qxf7 a3 45.Qb3 Qe4 46.Kf2 Rxh7 47.Rxh7 Qxh7 48.Qxa3 Qc2+ 49.Kf3 e4+ 50.Kg3 Qe2
51.Qc1 b5 52.Kh3 Qh5+ 53.Kg3 Qe2 54.Kh3 c5 55.g4 Kc6 56.Kh4 Kd7 57.Qb1 Qxe3
58.Qxb5+ Ke7 59.c4 Kf6 60.Qd7 Qh6+ 61.Kg3 Qe3+ 62.Kh4 Qg5+ 63.Kg3 Ke5 64.Qc6 Qe3+
65.Kh4 Qh6+ 66.Kg3 Kd4 67.Qd5+ Ke3 68.g5 Qh5 69.Kg2 Qg4+ 70.Kh2 Ke2 71.Qa8 Qh4+
72.Kg2 Qxg5+ 73.Kh2 Kf3 74.Qa3+ Qe3  0-1

[Event "2nd RUS Pupils Summer Girls"]
[Site "Satka RUS"]
[Date "2005.06.29"]
[Round "3"]
[White "Melnichuk,E"]
[Black "Ivanova,T"]
[Result "0-1"]
[WhiteElo "2055"]
[BlackElo "2043"]

1.d4 Nf6 2.c4 e6 3.Nc3 Bb4 4.Nf3 c5 5.Bd2 O-O 6.e3 d6 7.Bd3 Qe7 8.a3 Bxc3
9.Bxc3 Nc6 10.O-O e5 11.dxe5 dxe5 12.Qc2 Re8 13.Nd2 h6 14.Rad1 Be6 15.b3 Nh5
16.Be4 Bg4 17.Nf3 Bxf3 18.Bxf3 Nf6 19.Bd5 Rad8 20.Rd2 Rd6 21.Rfd1 Red8 22.Qf5 Qd7
23.Qf3 Qe7 24.h3 Kf8 25.Qf5 Qd7 26.Qxd7 R6xd7 27.Kf1 Ne8 28.Ke2 f6 29.Bxc6 Rxd2+
30.Rxd2 Rxd2+ 31.Kxd2 bxc6 32.Kd3 Nd6 33.f3 Ke7 34.b4 cxb4 35.Bxb4 Ke6 36.Bc5 a6
37.g4 Nb7 38.Bb6 Kd6 39.Kc3 c5 40.a4 a5 41.Kd3 Kc6 42.Ba7 Nd6 43.Bb8 Nc8
44.Ke4 Nb6 45.f4 exf4 46.Bxf4 Nxa4 47.Kf5 Nb2 48.Kg6 a4 49.e4 a3 50.Bc1 Nxc4
51.Bxa3 Nxa3 52.Kxg7 c4 53.Kxf6 c3 54.e5 c2 55.e6 c1=Q 56.e7 Kd7  0-1

[Event "6th EICC"]
[Site "Warsaw POL"]
[Date "2005.06.29"]
[Round "11"]
[White "Wells,P"]
[Black "Smirnov,P"]
[Result "1/2-1/2"]
[WhiteElo "2525"]
[BlackElo "2624"]

1.d4 Nf6 2.c4 e6 3.Nc3 Bb4 4.Nf3 c5 5.g3 cxd4 6.Nxd4 Ne4 7.Qd3 Bxc3+ 8.bxc3 Nc5
9.Qf3 d6 10.Bg2 Nbd7 11.O-O O-O 12.Rd1 Ne5 13.Qf4 Bd7 14.Nb3 Ba4 15.Ba3 Bxb3
16.axb3 Qc7 17.Bxc5 dxc5 18.Bxb7 Rab8 19.Ba6 Rxb3 20.Bb5 Rxc3 21.Rd7 Qb8
22.Rdxa7 Nxc4 23.Qxb8 Rxb8 24.Bxc4 Rxc4 25.Rc7 Rc2 26.Raa7  1/2-1/2

[Event "6th EICC"]
[Site "Warsaw POL"]
[Date "2005.06.29"]
[Round "11"]
[White "Bleis,C"]
[Black "Michalczak,T"]
[Result "0-1"]
[WhiteElo "2258"]
[BlackElo "2369"]

1.d4 Nf6 2.c4 e6 3.Nc3 Bb4 4.Nf3 b6 5.Bg5 Bb7 6.Nd2 h6 7.Bh4 c5 8.a3 Bxc3
9.bxc3 d6 10.e4 g5 11.Bg3 Nxe4 12.Nxe4 Bxe4 13.h4 Nc6 14.f3 Bh7 15.Qa4 Qd7
16.dxc5 bxc5 17.Rd1 e5 18.hxg5 Ke7 19.gxh6 Rab8 20.Bh4+ f6 21.g3 Rb2 22.Rc1 Rhb8
23.Qd1 Qf5 24.Bh3 Qd3 25.Qxd3 Bxd3 26.Bf1 Bxf1 27.Kxf1 Rh8 28.g4 Rxh6 29.g5 Rh7
30.gxf6+ Ke6 31.Rd1 Na5 32.f7 Rxf7 33.Rh3 Nxc4 34.Bf2 Rf6 35.Kg1 Nxa3 36.Ra1 Rb1+
37.Rxb1 Nxb1 38.Be1 Kd5 39.Kg2 Kc4 40.Rh7 a5 41.Ra7 Nxc3  0-1

[Event "6th EICC"]
[Site "Warsaw POL"]
[Date "2005.07.01"]
[Round "13"]
[White "Moiseenko,A"]
[Black "Ivanchuk,V"]
[Result "1/2-1/2"]
[WhiteElo "2665"]
[BlackElo "2739"]

1.d4 Nf6 2.c4 e6 3.Nc3 Bb4 4.Nf3 b6 5.Bg5 h6 6.Bh4 g5 7.Bg3 Ne4 8.Qb3 Bxc3+
9.bxc3 d6 10.e3 Nd7 11.O-O-O Bb7 12.Nd2 Nxg3 13.hxg3 Qe7 14.f3 O-O-O 15.Bd3 h5
16.Rh2 h4 17.Rdh1 Qf6 18.gxh4 Rxh4 19.Qd1 Rdh8 20.Qg1 Kb8 21.Rxh4 Rxh4 22.Rxh4 gxh4
23.Qh2 Qg5 24.Kc2 Nf6 25.Qh3 Bc6 26.Nf1 Nh5 27.a3 Ng3 28.Kd2 Nxf1+ 29.Bxf1 Qa5
30.Qxh4 Qxa3 31.Qh7 f5 32.Qg8+ Kb7 33.Qxe6 Qb2+ 34.Ke1 a5 35.d5 Ba4 36.g4 Qc1+
37.Kf2 Qd2+ 38.Kg1 Bd1 39.Qe7 Qxc3 40.Qe6 Qd2 41.c5 bxc5 42.Qe8 c4  1/2-1/2

[Event "6th EICC"]
[Site "Warsaw POL"]
[Date "2005.07.01"]
[Round "13"]
[White "Citak,S"]
[Black "Thorfinnsson,Br"]
[Result "1-0"]
[WhiteElo "2351"]
[BlackElo "2442"]

1.d4 Nf6 2.c4 e6 3.Nc3 Bb4 4.Nf3 b6 5.Bg5 Bb7 6.e3 h6 7.Bh4 g5 8.Bg3 Ne4
9.Qc2 Bxc3+ 10.bxc3 d6 11.Bd3 f5 12.d5 Nd7 13.Bxe4 fxe4 14.Qxe4 Qf6 15.Qxe6+ Qxe6
16.dxe6 Nc5 17.O-O Bxf3 18.gxf3 Nxe6 19.Rfe1 O-O-O 20.e4 Rhf8 21.Kg2 Nf4+
22.Bxf4 Rxf4 23.h3 Rdf8 24.Re3 h5 25.Kg3 g4 26.hxg4 hxg4 27.fxg4 Rxf2 28.a4 a5
29.g5 Rc2 30.Rg1 Kd7 31.Rg2 Rc1 32.Rf2 Rg1+ 33.Kh2 Rxf2+ 34.Kxg1 Rf4 35.Kg2 Rg4+
36.Rg3 Rxe4 37.g6 Re8 38.g7 Rg8 39.Kf3 Ke7 40.Ke4 c6 41.Rg6 b5 42.cxb5 cxb5
43.axb5 a4 44.Kd3 a3 45.Kc2 a2 46.Kb2 Ra8 47.Ka1  1-0

[Event "6th EICC"]
[Site "Warsaw POL"]
[Date "2005.07.01"]
[Round "13"]
[White "Moiseenko,A"]
[Black "Ivanchuk,V"]
[Result "1/2-1/2"]
[WhiteElo "2665"]
[BlackElo "2739"]

1.d4 Nf6 2.c4 e6 3.Nc3 Bb4 4.Nf3 b6 5.Bg5 h6 6.Bh4 g5 7.Bg3 Ne4 8.Qb3 Bxc3+
9.bxc3 d6 10.e3 Nd7 11.O-O-O Bb7 12.Nd2 Nxg3 13.hxg3 Qe7 14.f3 O-O-O 15.Bd3 h5
16.Rh2 h4 17.Rdh1 Qf6 18.gxh4 Rxh4 19.Qd1 Rdh8 20.Qg1 Kb8 21.Rxh4 Rxh4 22.Rxh4 gxh4
23.Qh2 Qg5 24.Kc2 Nf6 25.Qh3 Bc6 26.Nf1 Nh5 27.a3 Ng3 28.Kd2 Nxf1+ 29.Bxf1 Qa5
30.Qxh4 Qxa3 31.Qh7 f5 32.Qg8+ Kb7 33.Qxe6 Qb2+ 34.Ke1 a5 35.d5 Ba4 36.g4 Qxc3+
37.Kf2 Qd2+ 38.Kg1 Bd1 39.c5 bxc5 40.Qe8 c4 41.gxf5 Bxf3 42.Qb5+ Ka7 43.Qxc4 Qxe3+
44.Kh2 Qb6 45.f6 Bh5 46.Bh3 Qc5 47.Qxc5+ dxc5 48.Bg4  1/2-1/2

[Event "FSGM July"]
[Site "Budapest HUN"]
[Date "2005.07.03"]
[Round "2"]
[White "Thorfinnsson,Br"]
[Black "Jakab,A"]
[Result "0-1"]
[WhiteElo "2328"]
[BlackElo "2451"]

1.d4 e6 2.c4 Nf6 3.Nc3 Bb4 4.Nf3 c5 5.d5 Ne4 6.Qc2 Qf6 7.Bd2 Nxd2 8.Nxd2 O-O
9.e3 d6 10.Bd3 b6 11.Nde4 Bxc3+ 12.bxc3 Qe7 13.O-O Na6 14.Rad1 Kh8 15.Ng3 exd5
16.cxd5 Nc7 17.c4 Bd7 18.Rb1 Rfb8 19.Bf5 Be8 20.Qe4 Qf8 21.Qf4 b5 22.Be4 b4
23.Nf5 Rb6 24.h4 Bd7 25.Bc2 Re8 26.g4 Re5 27.g5 Bxf5 28.Bxf5 Qe7 29.g6 Qf6
30.Bc2 fxg6 31.Qxf6 gxf6 32.Bxg6 Ra6 33.Rb2 Ra3 34.Kg2 Na8 35.e4 Nb6 36.Rc2 Re7
37.f4 h5 38.Bxh5 Rxe4 39.Rf3 Rxc4 40.Rcc3 Rxf4  0-1

[Event "ch-NOR"]
[Site "Sandnes NOR"]
[Date "2005.07.04"]
[Round "3"]
[White "Kristensen,Bj"]
[Black "Tallaksen,G"]
[Result "1/2-1/2"]
[WhiteElo "2391"]
[BlackElo "2349"]

1.d4 Nf6 2.c4 e6 3.Nc3 Bb4 4.Nf3 b6 5.g3 Bb7 6.Bg2 c5 7.O-O cxd4 8.Nb5 a6
9.Nbxd4 O-O 10.a3 Be7 11.Be3 d6 12.Rc1 Nbd7 13.Bh3 Ne4 14.Bg2 Rc8 15.Qd3 Rc7
16.b4 Qa8 17.Rfd1 Rd8 18.Qb1 Rdc8 19.Qd3 d5 20.cxd5 Bxd5 21.Rxc7 Rxc7 22.Rc1 Rxc1+
23.Bxc1 Nd6 24.Qc3 b5 25.Qc7 Qb7 26.Qc3  1/2-1/2

[Event "Andorra Open"]
[Site "Andorra la Vella AND"]
[Date "2005.07.11"]
[Round "3"]
[White "Campos Moreno,J"]
[Black "Spraggett,K"]
[Result "1-0"]
[WhiteElo "2443"]
[BlackElo "2592"]

1.d4 Nf6 2.c4 e6 3.Nc3 Bb4 4.Nf3 c5 5.g3 Bxc3+ 6.bxc3 Qa5 7.Bd2 b6 8.Bg2 Bb7
9.O-O O-O 10.Qb3 Rc8 11.Rfd1 Qa6 12.Bg5 Ne4 13.d5 exd5 14.cxd5 Qxe2 15.Be3 Nd6
16.Bf4 Qe7 17.Re1 Qf8 18.Qc2 g6 19.h4 Na6 20.Ne5 Rd8 21.c4 Nf5 22.h5 Nd4
23.Qd2 Nc7 24.hxg6 fxg6 25.Nxg6 hxg6 26.Bxc7 Re8 27.Be5 Nf5 28.Qg5 Qh6 29.Qg4 Rf8
30.Bc3 Rf7 31.Qe4 Raf8 32.Re2 Rh7 33.Bf3 Qh2+ 34.Kf1 Ba6 35.Ke1 Qh6 36.d6 Nxd6
37.Qd3 Nf7 38.Bd5 Qg5 39.Rd1 Bc8 40.Qf3 d6 41.Qf6 Qxf6 42.Bxf6 Rh5 43.Re7 Bg4
44.Rd3 Rf5 45.Bc3 a6 46.f3 Rxd5 47.cxd5 Bf5 48.Rde3 Bb1 49.R3e6 b5 50.g4 b4
51.Bb2 c4 52.Bd4 c3 53.f4 Kh7 54.Rxd6 Bxa2 55.f5 g5 56.Red7 a5 57.Rf6 Re8+
58.Kf2 Bxd5 59.Rxd5 Re7 60.Rxf7+  1-0

[Event "16th Open"]
[Site "Ljubljana SLO"]
[Date "2005.07.11"]
[Round "4"]
[White "Sitnik,I"]
[Black "Ivanisevic,I"]
[Result "0-1"]
[WhiteElo "2303"]
[BlackElo "2577"]

1.d4 Nf6 2.c4 e6 3.Nc3 Bb4 4.Nf3 c5 5.a3 Bxc3+ 6.bxc3 O-O 7.e3 Nc6 8.Bd3 d6
9.O-O e5 10.Qc2 Bg4 11.d5 Bxf3 12.gxf3 Ne7 13.Kh1 Ng6 14.Rg1 Qe7 15.Bd2 Rae8
16.Be2 Nh4 17.e4 Ng6 18.Rg5 h6 19.Rg2 Nh5 20.Rag1 Kh8 21.Rg4 Qf6 22.Qc1 Nhf4
23.Bxf4 exf4 24.h4 Re5 25.R1g2 Rfe8 26.Rh2 h5 27.Rg1 Nxh4 28.Qf1 g5 29.Qh3 Rg8
30.Qf1 Kh7 31.Qb1 Qe7 32.Qc1 Rg6 33.Qd2 Kg7 34.a4 f5 35.Qd1 fxe4 36.Rxh4 gxh4
37.Rxg6+ Kxg6 38.fxe4 Kh6 39.Bf3 Rxe4 40.Bxe4 Qxe4+ 41.Kh2 f3 42.Qc1+ Kg6  0-1